000 00473nam a2200133 a 4500
008 120416s1948 ||||||||||||||||| || u
050 _aTH 145 Bow
100 _aBowden, J. P. C
245 1 0 _aBuilding construction, book 1
246 _aa course for second year students
260 _aLondon
_bPitman
_c1948
350 _a0.00
995 _D0.00
_FCBU-MAIN LIBRARY (Kitwe)
_H1
_I1.65
_M1
_UDAMAGED
_ZMain Library Open Access Collection
999 _c36242
_d36242